| 000 | 00719nam a2200253Ia 4500 | ||
|---|---|---|---|
| 005 | 20250425160748.0 | ||
| 008 | 250425s9999 xx 000 0 und d | ||
| 041 | _aspa | ||
| 082 | _a636.085 | ||
| 100 | _aJARRIN ANDRADE, ANIBAL | ||
| 245 | 0 | _aCOMPOSICION QUIMICA DE LOS ALIMENTOS ZOOTECNICOS ECUATORIANOS: NORMAS PARA FORMULACION DE DIETAS | |
| 250 | _a1A ED. | ||
| 260 |
_aEcuador _bUNIVERSIDAD CENTRAL DEL ECUADOR _c1998 |
||
| 260 | _aS.L. | ||
| 300 | _a154 | ||
| 500 | _aCONSULTAR INV.33962 EN BIBTEC | ||
| 650 | _aALIMENTOS PARA ANIMALES | ||
| 650 | _aNUTRICION ANIMAL | ||
| 650 | _aVALOR NUTRITIVO | ||
| 650 | _aZOOTECNIA | ||
| 700 | _aAVILA SALAZAR, SUSANA | ||
| 942 | _c01 | ||
| 010 | _a4688 | ||
| 999 |
_c195651 _d195651 |
||